000 00493nam a2200181Ia 4500
005 20250508163538.0
008 008 250505s9999 xx 000 0 hin d
037 _aTextual
040 _aFEDL
_beng
_cFEDL
041 _ahin
_2eng
084 _a616.0252, SHA
_qFEDL
100 _aSharma Shyam Sunder
245 0 _aPrathamik chikitsa
260 _aNew Delhi, India
_bGranth Akademi
_c1996
300 _a223p.
942 _cTEXL
_h616.0252, SHA
999 _c1383998
_d1383998